Russia Neighbours - Sudden Death - Statistics

General Stats
  • This quiz has been taken 1,898 times
  • The average score is 7 of 14
Answers on the Grid
Answers color-coded by a green-red scale on the quiz's grid according to % correct below.
China
Moldova
Lithuania
Sweden
United States
Estonia
Kazakhstan
Iran
Turkmenistan
North Korea
Georgia
Latvia
Kyrgyzstan
Belarus
Canada
Mongolia
Denmark
Norway
Japan
Ukraine
Finland
Armenia
Uzbekistan
Tajikistan
Azerbaijan
Turkey
Romania
Poland
 
Answer Stats
Answer % Correct
Ukraine
62%
China
61%
Kazakhstan
59%
Belarus
58%
Finland
57%
Mongolia
57%
Estonia
51%
North Korea
51%
Latvia
47%
Lithuania
47%
Georgia
46%
Norway
44%
Poland
44%
Azerbaijan
38%
No matching quizzes found
Score Distribution
Percent of People with Each Score
Percentile by Number Answered
Your Score History
You have not taken this quiz